| 000 | 01034nam a2200253Ia 4500 | ||
|---|---|---|---|
| 999 |
_c65317 _d65317 |
||
| 005 | 20240530110818.0 | ||
| 008 | 140319s2008 au a f b 000 0 ara d | ||
| 017 |
_a2008/2686 _bمصر. دار الكتب |
||
| 020 | _a9773143279 | ||
| 040 |
_aGCL / _cGCL |
||
| 082 | 0 | 4 |
_221 _a723.3 / _bم ع |
| 100 | 1 | _aمالدونادو ، باسيليو بابون | |
| 245 | 1 | 2 |
_aالعمارة الاندلسية : _bعمارة المياه / _cباسيليو بابون مالدونادو ؛ ترجمة على ابراهيم منوفى ؛ تقديم ومراجعة محمد حمزة الحداد |
| 250 | _aط.1 | ||
| 260 |
_aالقاهرة : _bمكتبة زهراء الشرق ، _c2008 . |
||
| 300 |
_a469 ص. : _bايض. ؛ _c24 سم. + _eملاحق |
||
| 650 | 0 | 7 |
_aالعمارة _2qrmak |
| 650 | 0 | 7 | _aالعمارة الاندلسية |
| 650 | 0 | 7 |
_aعمارة المياة _2qrmak |
| 650 | 0 | 7 |
_aالعمارة الاسلامية _2qrmak |
| 651 | _2qrmak | ||
| 942 |
_2ddc _cBK |
||